Click Canadian Cities on the Map - Statistics

General Stats
  • This quiz has been taken 78 times
  • The average score is 16 of 21
Answers on the Map
Answers color-coded by a green-red scale on the quiz's map according to % correct below.
 
Answer Stats
Answer % Correct
Vancouver
92%
Montreal
91%
Calgary
89%
Iqaluit
89%
Ottawa
87%
Halifax
85%
Quebec City
85%
Toronto
83%
Victoria
81%
Edmonton
79%
Winnipeg
79%
Whitehorse
75%
Charlottetown
74%
Regina
74%
St. John's
72%
Thunder Bay
72%
Windsor
72%
Yellowknife
72%
Churchill
70%
Fort McMurray
58%
Sault Ste. Marie
58%
No matching quizzes found
Score Distribution
Percent of People with Each Score
Percentile by Number Answered
Your Score History
You have not taken this quiz